Welcome to CU Library Online Public Access Catalogue (OPAC)

An A-Z of counselling theory and practice / (Record no. 7383)

MARC details
000 -LEADER
fixed length control field 01054cam a2200301 a 4500
001 - CONTROL NUMBER
control field 12553814
003 - CONTROL NUMBER IDENTIFIER
control field OSt
005 - DATE AND TIME OF LATEST TRANSACTION
control field 20250826152734.0
008 - FIXED-LENGTH DATA ELEMENTS--GENERAL INFORMATION
fixed length control field 010621s2001 enka bf 001 0 eng
010 ## - LIBRARY OF CONGRESS CONTROL NUMBER
LC control number 2001430953
020 ## - INTERNATIONAL STANDARD BOOK NUMBER
International Standard Book Number 0748757104
035 ## - SYSTEM CONTROL NUMBER
System control number (DNLM)101124101
035 ## - SYSTEM CONTROL NUMBER
System control number (CStRLIN)MDNM101124101-B
040 ## - CATALOGING SOURCE
Original cataloging agency UMC
Transcribing agency UMC
Modifying agency DLC
042 ## - AUTHENTICATION CODE
Authentication code nlmcopyc
050 00 - LIBRARY OF CONGRESS CALL NUMBER
Classification number BF637.C6
Item number S768 2001
082 00 - DEWEY DECIMAL CLASSIFICATION NUMBER
Classification number 158/.3/03
Edition information 21
100 1# - MAIN ENTRY--PERSONAL NAME
Personal name Stewart, William,
Dates associated with a name 1927-
245 13 - TITLE STATEMENT
Title An A-Z of counselling theory and practice /
Statement of responsibility, etc. William Stewart.
250 ## - EDITION STATEMENT
Edition statement 3rd ed.
260 ## - PUBLICATION, DISTRIBUTION, ETC.
Place of publication, distribution, etc. Cheltenham, UK :
Name of publisher, distributor, etc. Nelson Thornes,
Date of publication, distribution, etc. 2001.
300 ## - PHYSICAL DESCRIPTION
Extent xvi, 471 p. :
Other physical details ill. ;
Dimensions 24 cm.
504 ## - BIBLIOGRAPHY, ETC. NOTE
Bibliography, etc. note Includes bibliographical references (p. 445-446) and index.
650 #0 - SUBJECT ADDED ENTRY--TOPICAL TERM
Topical term or geographic name entry element Counseling
Form subdivision Handbooks, manuals, etc.
906 ## - LOCAL DATA ELEMENT F, LDF (RLIN)
a 7
b cbc
c copycat
d 2
e ncip
f 20
g y-gencatlg
942 ## - ADDED ENTRY ELEMENTS (KOHA)
Source of classification or shelving scheme Library of Congress Classification
Koha item type Books
Suppress in OPAC No
Holdings
Withdrawn status Lost status Source of classification or shelving scheme Damaged status Not for loan Collection Home library Current library Shelving location Date acquired Total checkouts Full call number Barcode Date last seen Copy number Price effective from Koha item type
    Library of Congress Classification     Non-fiction Undergraduate Library (Christ Temple) Undergraduate Library (Christ Temple) General stacks 08/26/2025   BF 637.C7 STE ulct00004499 08/26/2025 1 08/26/2025 Books
© 2023-2024 Copyright: Central University Libraries. All Rights Reserved | Created by: Mahone Tech Office